00450nam a22001577a 4500008004100000082001300041100001700054245006900071260003400140300001500174504002800189650001500217650002400232650001500256650002100271150422b xxu||||| |||| 00| 0 eng d a658.4092 aCollins, Jim aGood to great: why some companies make the leap and others don't aSydney:bRandom House,c2001. axv, 3000p. aBibliography: p.261-286 aManagement aBusiness management aLeadership aBusiness success